000 00378nam a22001217a 4500
999 _c1021
_d1021
005 20200821091404.0
008 200821b ||||| |||| 00| 0 eng d
020 _a0582540038
040 _cCML
245 _aTeaching English as a Second Language.
_cBright, J.A.
260 _aEngland
_bLongman Group Limited
_c1970
942 _2ddc
_cBK
_e1st Edition
_h375.42824
_mBRI